000 01113nam0a22002771 4500
001 rc\3127431
005 20260407044006.0
021 _aRU
_b76-81947
021 _aRU
_bРг1075-77
035 _a(NLR Aleph) 007283491
090 _a5534253
_c5534253
100 _a20120615g19751976|||y0rusy50 ca
101 0 _arus
102 _aRU
105 _ay c |||||
200 1 _aПланирование повышения качества изделий медицинской техники
_eМетод. указания
_eМУ 64-1-22-75
_fМ-во мед. пром-сти. Гл. упр. мед. техники
210 _aМосква
_cВНИИМП
_d1975 [вып. дан. 1976]
215 _a[1], 53 с.
_d21
300 _aНа обороте тит. л.: исполн. Беньяш Г.Н.
702 1 _aБеньяш
_bГ.Н.
_gГалина Николаевна
_4570
712 0 2 _aВНИИ медицинских инструментов и оборудования
_3RU\NLR\AUTH\8810016533
_9530925
801 0 _aRU
_bNLR
_gpsbo
801 1 _aRU
_bELAR
_2rusmarc
852 _aNLR
_j77-6/73
942 _cBOOK
980 _aNB